[Event "SVK-chT2D 1213"]
[Site "Slovakia"]
[Date "2012.12.16"]
[Round "6.4"]
[White "Vrabel, Michal"]
[Black "Rybansky, Alexander"]
[Result "1/2-1/2"]
[WhiteElo "1971"]
[BlackElo "2131"]
[PlyCount "38"]
[EventDate "2012.10.13"]
[EventType "team-tourn"]
[EventRounds "11"]
[EventCountry "SVK"]
[SourceTitle "EXT 2015"]
[Source "ChessBase"]
[SourceDate "2014.11.20"]
[SourceVersion "1"]
[SourceVersionDate "2014.11.20"]
[SourceQuality "1"]
[WhiteTeam "Presov Slavia"]
[BlackTeam "Sabinov II"]
[WhiteTeamCountry "SVK"]
[BlackTeamCountry "SVK"]

1. e4 e6 2. d4 d5 3. Nd2 dxe4 4. Nxe4 Nd7 5. Nf3 Ngf6 6. Nxf6+ Nxf6 7. Bc4 a6 8. a4 c5 9. 0-0 cxd4 10. Nxd4 Qc7 11. b3 Bd7 12. Bb2 Bd6 13. h3 0-0 14. Qf3 Rad8 15. Rad1 Rfe8 16. Rfe1 Bb4 17. Re3 Bc5 18. Ree1 Bb4 19. Re3 Bc5 1/2-1/2

[Event "SVK-chT2D 1213"]
[Site "Slovakia"]
[Date "2012.12.15"]
[Round "5.4"]
[White "Ducay, Miroslav"]
[Black "Rybansky, Alexander"]
[Result "1-0"]
[WhiteElo "2006"]
[BlackElo "2131"]
[PlyCount "49"]
[EventDate "2012.10.13"]
[EventType "team-tourn"]
[EventRounds "11"]
[EventCountry "SVK"]
[SourceTitle "EXT 2015"]
[Source "ChessBase"]
[SourceDate "2014.11.20"]
[SourceVersion "1"]
[SourceVersionDate "2014.11.20"]
[SourceQuality "1"]
[WhiteTeam "Presov Tatran Dason"]
[BlackTeam "Sabinov II"]
[WhiteTeamCountry "SVK"]
[BlackTeamCountry "SVK"]

1. e4 e6 2. d4 d5 3. Nd2 dxe4 4. Nxe4 Nd7 5. Nf3 Ngf6 6. Bg5 Be7 7. Bd3 Nxe4 8. Bxe7 Qxe7 9. Bxe4 Qb4+ 10. Qd2 Qxb2 11. 0-0 Qa3 12. Rfe1 Nf6 13. Qf4 Qd6 14. Ne5 0-0 15. Rab1 Nxe4 16. Qxe4 Qd5 17. Qh4 b5 18. Rb3 Bb7 19. Rg3 f6 20. Qh6 g5 21. h4 Rae8 22. hxg5 fxe5 23. g6 Qd7 24. Rxe5 Be4 25. Rxe4 1-0

[Event "SVK-chT2D 1213"]
[Site "Slovakia"]
[Date "2012.10.14"]
[Round "2.3"]
[White "Svana, Kamil"]
[Black "Rybansky, Alexander"]
[Result "0-1"]
[WhiteElo "2058"]
[BlackElo "2131"]
[PlyCount "100"]
[EventDate "2012.10.13"]
[EventType "team-tourn"]
[EventRounds "11"]
[EventCountry "SVK"]
[SourceTitle "EXT 2015"]
[Source "ChessBase"]
[SourceDate "2014.11.20"]
[SourceVersion "1"]
[SourceVersionDate "2014.11.20"]
[SourceQuality "1"]
[WhiteTeam "Margecany"]
[BlackTeam "Sabinov II"]
[WhiteTeamCountry "SVK"]
[BlackTeamCountry "SVK"]

1. e4 e6 2. d4 d5 3. Nd2 c5 4. exd5 exd5 5. Ngf3 Nc6 6. Bb5 Qe7+ 7. Qe2 Qxe2+ 8. Kxe2 f6 9. dxc5 Bxc5 10. Nb3 Bb6 11. Re1 Nge7 12. Kf1 Kf7 13. c3 Nf5 14. a4 a6 15. Bd3 Nfe7 16. Be3 Bxe3 17. Rxe3 Bf5 18. Rd1 Rhd8 19. Nbd4 Bxd3+ 20. Rdxd3 Rd6 21. g4 g5 22. b4 h5 23. h3 hxg4 24. hxg4 Rh8 25. b5 axb5 26. axb5 Nxd4 27. Nxd4 Rdd8 28. Rh3 Ng6 29. Ne2 Ke6 30. Rhe3+ Kf7 31. Rh3 Nh4 32. f4 Rhe8 33. Rhe3 Ng6 34. Rxe8 Kxe8 35. fxg5 fxg5 36. Rf3 Ke7 37. Rh3 Rf8+ 38. Kg2 Nh4+ 39. Kg1 Kd6 40. Re3 Kc5 41. Re7 Nf3+ 42. Kg2 b6 43. Rd7 Ne5 44. Rg7 Nxg4 45. Nd4 Ne3+ 46. Kh2 Kc4 47. Rxg5 Kxc3 48. Ne6 Rf6 49. Nc7 d4 50. Rg3 Kc2 0-1

[Event "SVK-chT2D 1213"]
[Site "Slovakia"]
[Date "2012.10.13"]
[Round "1.3"]
[White "Rybansky, Alexander"]
[Black "Regec, Viliam"]
[Result "0-1"]
[WhiteElo "2131"]
[BlackElo "2096"]
[PlyCount "78"]
[EventDate "2012.10.13"]
[EventType "team-tourn"]
[EventRounds "11"]
[EventCountry "SVK"]
[SourceTitle "EXT 2015"]
[Source "ChessBase"]
[SourceDate "2014.11.20"]
[SourceVersion "1"]
[SourceVersionDate "2014.11.20"]
[SourceQuality "1"]
[WhiteTeam "Sabinov II"]
[BlackTeam "Gelnica Slovan"]
[WhiteTeamCountry "SVK"]
[BlackTeamCountry "SVK"]

1. e4 e5 2. Nf3 d6 3. d4 Nd7 4. Nc3 c6 5. Bc4 Be7 6. 0-0 h6 7. Qe2 Ngf6 8. Rd1 Qc7 9. Nh4 exd4 10. Rxd4 Ne5 11. Bb3 g5 12. Nf5 Bxf5 13. exf5 d5 14. Rd1 Kf8 15. h3 Re8 16. Be3 Bd6 17. f3 b6 18. Qf2 Ned7 19. Bd4 Bg3 20. Qd2 Rg8 21. Bf2 Bf4 22. Qd3 Nc5 23. Qf1 h5 24. Bd4 Ncd7 25. Re1 Rxe1 26. Rxe1 g4 27. Qe2 Qd6 28. fxg4 hxg4 29. hxg4 Rxg4 30. Be3 Bh2+ 31. Kf1 Bf4 32. Kg1 Rh4 33. Bf2 Bh2+ 34. Kf1 Rf4 35. Qd2 Bg3 36. Re2 Nc5 37. Qe3 Nce4 38. Nd1 Ng4 39. Qd4 Qh6 0-1

[Event "SVK-chT1E 1112"]
[Site "Slovakia"]
[Date "2011.12.11"]
[Round "6.2"]
[White "Rybansky, Alexander"]
[Black "Dors, Ryszard"]
[Result "0-1"]
[WhiteElo "2123"]
[BlackElo "2230"]
[PlyCount "56"]
[EventDate "2011.10.15"]
[EventType "team-tourn"]
[EventRounds "11"]
[EventCountry "SVK"]
[SourceTitle "EXT 2013"]
[Source "ChessBase"]
[SourceDate "2012.11.22"]
[SourceVersion "1"]
[SourceVersionDate "2012.11.22"]
[SourceQuality "1"]
[WhiteTeam "Sabinov II"]
[BlackTeam "Bardejov"]
[WhiteTeamCountry "SVK"]
[BlackTeamCountry "SVK"]

1. e4 c6 2. d4 d5 3. Nc3 dxe4 4. Nxe4 Bf5 5. Ng3 Bg6 6. Nf3 Nd7 7. Bd3 Qc7 8. Be3 Ngf6 9. Qe2 Bxd3 10. Qxd3 e6 11. 0-0 Bd6 12. Rfd1 Ng4 13. Nf1 0-0-0 14. c4 c5 15. h3 Nxe3 16. Nxe3 Nf6 17. Qe2 cxd4 18. Nxd4 Bc5 19. Nec2 Qf4 20. g3 Qe4 21. Qxe4 Nxe4 22. b4 Nc3 23. Rdc1 Be7 24. Kf1 Bf6 25. a4 Ne4 26. Rd1 Rd7 27. Re1 Nd2+ 28. Ke2 Bxd4 0-1

[Event "SVK-chT2D 10/11"]
[Site "Slovakia"]
[Date "2011.03.27"]
[Round "11.2"]
[White "Harvan, Richard"]
[Black "Rybansky, Alexander"]
[Result "0-1"]
[WhiteElo "1895"]
[BlackElo "2109"]
[PlyCount "92"]
[EventDate "2010.10.23"]
[EventType "team-tourn"]
[EventRounds "11"]
[EventCountry "SVK"]
[SourceTitle "EXT 2019"]
[Source "ChessBase"]
[SourceDate "2018.10.10"]
[SourceVersion "1"]
[SourceVersionDate "2018.10.10"]
[SourceQuality "1"]
[WhiteTeam "Kosice Slavia TU V"]
[BlackTeam "Sabinov II"]
[WhiteTeamCountry "SVK"]
[BlackTeamCountry "SVK"]

1. e4 e6 2. d4 d5 3. Nd2 c5 4. Ngf3 Nc6 5. exd5 exd5 6. dxc5 Bxc5 7. Nb3 Bb6 8. Be2 Nge7 9. 0-0 0-0 10. Bf4 Ng6 11. Bg3 Qf6 12. c3 Be6 13. Qd2 h6 14. Rad1 Rad8 15. Nbd4 Rfe8 16. Rfe1 Bg4 17. Nb3 Re4 18. h3 Bh5 19. Nfd4 Bxe2 20. Rxe2 Rde8 21. Rxe4 dxe4 22. Qe2 Qg5 23. Qe3 Qh5 24. Re1 f5 25. Bf4 Nge7 26. Qd2 g5 27. Nxc6 Nxc6 28. Qd5+ Qf7 29. Qxf7+ Kxf7 30. Be3 Rd8 31. Bxb6 axb6 32. Kf1 Kf6 33. Ke2 Ne5 34. Nd4 Nd3 35. Rb1 Ke5 36. f3 Rf8 37. a3 h5 38. g3 h4 39. gxh4 gxh4 40. Kd2 Rg8 41. fxe4 Kxe4 42. Kc2 Rg2+ 43. Kb3 f4 44. Nb5 f3 45. Nd6+ Kf4 46. Nxb7 Rxb2+ 0-1

[Event "SVK-chT2D 10/11"]
[Site "Slovakia"]
[Date "2011.03.05"]
[Round "8.4"]
[White "Rybansky, Alexander"]
[Black "Micek, Jaroslav"]
[Result "1-0"]
[WhiteElo "2109"]
[BlackElo "2054"]
[PlyCount "113"]
[EventDate "2010.10.23"]
[EventType "team-tourn"]
[EventRounds "11"]
[EventCountry "SVK"]
[SourceTitle "EXT 2019"]
[Source "ChessBase"]
[SourceDate "2018.10.10"]
[SourceVersion "1"]
[SourceVersionDate "2018.10.10"]
[SourceQuality "1"]
[WhiteTeam "Sabinov II"]
[BlackTeam "Margecany OSK"]
[WhiteTeamCountry "SVK"]
[BlackTeamCountry "SVK"]

1. e4 c5 2. Nf3 d6 3. d4 cxd4 4. Qxd4 a6 5. Bg5 h6 6. Bh4 Nc6 7. Qd2 g5 8. Bg3 Bg7 9. c3 Nf6 10. Bd3 d5 11. exd5 Qxd5 12. Qe2 Bg4 13. Nbd2 Rd8 14. Bc2 e6 15. 0-0 0-0 16. Rfd1 Qa5 17. Nc4 Rxd1+ 18. Bxd1 Qd8 19. Bc2 Nh5 20. Bd6 Re8 21. Rd1 Qf6 22. Ncd2 Nf4 23. Qe3 Nd5 24. Ne4 Qd8 25. Qc5 Nb8 26. Ba4 b5 27. Bb3 Nd7 28. Qc6 N7b6 29. Bc5 Qb8 30. Bxb6 Nxb6 31. Nc5 Rc8 32. Nxa6 Qf4 33. Qxb6 Bxf3 34. gxf3 Be5 35. Nc5 Qxf3 36. Rd8+ Rxd8 37. Qxd8+ Kg7 38. Qd3 Bxh2+ 39. Kxh2 Qxf2+ 40. Kh1 Qxc5 41. Qd4+ Qxd4 42. cxd4 Kf6 43. Bd1 Kf5 44. b4 Ke4 45. a4 bxa4 46. b5 a3 47. Bb3 Kxd4 48. b6 Kc3 49. Ba2 Kb2 50. b7 Kxa2 51. b8Q Ka1 52. Kg2 g4 53. Kf2 h5 54. Ke2 g3 55. Qxg3 Kb2 56. Kd2 h4 57. Qb8+ 1-0

[Event "SVK-chT2D 0910"]
[Site "Slovakia"]
[Date "2010.01.10"]
[Round "7.1"]
[White "Rybansky, Alexander"]
[Black "Koval, Daniel"]
[Result "1/2-1/2"]
[WhiteElo "2113"]
[BlackElo "2127"]
[PlyCount "40"]
[EventDate "2009.10.10"]
[EventType "team"]
[EventRounds "11"]
[EventCountry "SVK"]
[SourceTitle "EXT 2011"]
[Source "ChessBase"]
[SourceDate "2010.11.26"]
[SourceVersion "1"]
[SourceVersionDate "2010.11.26"]
[SourceQuality "1"]
[WhiteTeam "Sabinov II"]
[BlackTeam "Presov PSK"]
[WhiteTeamCountry "SVK"]
[BlackTeamCountry "SVK"]

1. e4 e6 2. d4 d5 3. Nc3 dxe4 4. Nxe4 Nd7 5. Bd3 Ngf6 6. Nxf6+ Nxf6 7. Nf3 Be7 8. Bf4 c5 9. Qd2 Qb6 10. 0-0 0-0 11. dxc5 Qxc5 12. Rfe1 Bd7 13. Ne5 Bc6 14. Nxc6 Qxc6 15. Be5 Rfd8 16. Qe2 a6 17. h3 Nd7 18. Bc3 Nc5 19. Qg4 Bf8 20. Be2 Qa4 1/2-1/2

[Event "SVK-chT2D 0809"]
[Site "Slovakia"]
[Date "2008.12.06"]
[Round "5.2"]
[White "Banoci, Jaroslav"]
[Black "Rybansky, Alexander"]
[Result "0-1"]
[WhiteElo "2039"]
[BlackElo "2104"]
[PlyCount "36"]
[EventDate "2008.10.11"]
[EventType "team-tourn"]
[EventRounds "11"]
[EventCountry "SVK"]
[SourceTitle "EXT 2010"]
[Source "ChessBase"]
[SourceDate "2010.11.25"]
[SourceVersion "1"]
[SourceVersionDate "2010.11.25"]
[SourceQuality "1"]
[WhiteTeam "Presov Prvy Sk"]
[BlackTeam "Sabinov II"]
[WhiteTeamCountry "SVK"]
[BlackTeamCountry "SVK"]

1. d4 d5 2. Nf3 Nf6 3. Bf4 e6 4. e3 c5 5. c3 Nc6 6. Bd3 Bd6 7. h3 Bxf4 8. exf4 cxd4 9. cxd4 Qb6 10. b3 Bd7 11. Be2 Qb4+ 12. Kf1 Ne4 13. a3 Qb6 14. Qd3 Rc8 15. g3 Na5 16. Nfd2 Rc1+ 17. Kg2 Rxh1 18. Kxh1 Nxf2+ 0-1

[Event "SVK-chT2D 0809"]
[Site "Slovakia"]
[Date "2008.11.09"]
[Round "4.4"]
[White "Tropp, Lukas"]
[Black "Rybansky, Alexander"]
[Result "0-1"]
[WhiteElo "1923"]
[BlackElo "2104"]
[PlyCount "36"]
[EventDate "2008.10.11"]
[EventType "team-tourn"]
[EventRounds "11"]
[EventCountry "SVK"]
[SourceTitle "EXT 2010"]
[Source "ChessBase"]
[SourceDate "2010.11.25"]
[SourceVersion "1"]
[SourceVersionDate "2010.11.25"]
[SourceQuality "1"]
[WhiteTeam "Kezmarok KdV II"]
[BlackTeam "Sabinov II"]
[WhiteTeamCountry "SVK"]
[BlackTeamCountry "SVK"]

1. e4 e6 2. d4 d5 3. exd5 exd5 4. c4 c6 5. Nc3 Nf6 6. Nf3 Be6 7. cxd5 Nxd5 8. Bd3 Be7 9. 0-0 Nd7 10. a3 h6 11. Ne5 Nxe5 12. dxe5 Nxc3 13. bxc3 Qa5 14. Qe2 Qxc3 15. Bb2 Qb3 16. f4 Rd8 17. Rfd1 g6 18. Bc1 Bc4 0-1

[Event "SVK-chT1E 0708"]
[Site "Slovakia"]
[Date "2008.03.15"]
[Round "10.4"]
[White "Rybansky, Alexander"]
[Black "Foglar, Ivan"]
[Result "1/2-1/2"]
[WhiteElo "2164"]
[BlackElo "2049"]
[PlyCount "28"]
[EventDate "2007.10.13"]
[EventType "team-swiss"]
[EventRounds "11"]
[EventCountry "SVK"]
[SourceTitle "EXT 2009"]
[Source "ChessBase"]
[SourceDate "2008.11.26"]
[SourceVersion "1"]
[SourceVersionDate "2008.11.26"]
[SourceQuality "1"]
[WhiteTeam "Sabinov"]
[BlackTeam "Margecany OSK"]
[WhiteTeamCountry "SVK"]
[BlackTeamCountry "SVK"]

1. e4 e5 2. Nf3 Nc6 3. Bb5 Nf6 4. 0-0 Bc5 5. d3 d6 6. Be3 Bb6 7. h3 0-0 8. c3 Ne7 9. Na3 c6 10. Ba4 Ng6 11. Bc2 d5 12. Qe2 Bd7 13. Kh2 Bc7 14. Kg1 Bb6 1/2-1/2

[Event "Presov op"]
[Site "Presov"]
[Date "2004.??.??"]
[Round "4"]
[White "Rybansky, Alexander"]
[Black "Zambor, Norbert"]
[Result "0-1"]
[WhiteElo "2080"]
[BlackElo "2304"]
[PlyCount "62"]
[EventDate "2004.??.??"]
[EventType "swiss"]
[EventRounds "9"]
[EventCountry "SVK"]
[SourceTitle "EXT 2007"]
[Source "ChessBase"]
[SourceDate "2006.11.23"]
[SourceVersion "1"]
[SourceVersionDate "2006.11.23"]
[SourceQuality "1"]

1. d4 Nf6 2. Nf3 g6 3. c4 Bg7 4. Nc3 0-0 5. g3 c5 6. Bg2 cxd4 7. Nxd4 Nc6 8. 0-0 Ng4 9. e3 Nxd4 10. exd4 d6 11. Nd5 e6 12. Ne3 Nxe3 13. Bxe3 d5 14. cxd5 exd5 15. Qb3 Be6 16. Qxb7 Qa5 17. b4 Qa3 18. Rfb1 Rab8 19. Qc7 Rb6 20. Rb3 Qa4 21. Qc5 Rc8 22. Qa5 Qd7 23. b5 Rc4 24. Qd2 Qc8 25. Rb2 Rb7 26. a4 Rbc7 27. a5 Bxd4 28. Bxd4 Rc1+ 29. Rxc1 Rxc1+ 30. Bf1 Bh3 31. Qe2 Bxf1 0-1

[Event "Presov op-A"]
[Site "Presov"]
[Date "2002.08.12"]
[Round "3"]
[White "Ondras, Michal"]
[Black "Rybansky, Alexander"]
[Result "1/2-1/2"]
[WhiteElo "2011"]
[BlackElo "2118"]
[PlyCount "81"]
[EventDate "2002.08.??"]
[EventType "swiss"]
[EventRounds "9"]
[EventCountry "SVK"]
[SourceTitle "EXT 2005"]
[Source "ChessBase"]
[SourceDate "2004.11.15"]
[SourceVersion "1"]
[SourceVersionDate "2004.11.15"]
[SourceQuality "1"]

1. d4 Nf6 2. c4 g6 3. Nc3 Bg7 4. e4 d6 5. Nf3 0-0 6. Be2 Nbd7 7. 0-0 e5 8. d5 Nh5 9. Ne1 Nf4 10. Kh1 Nxe2 11. Qxe2 f5 12. f3 f4 13. Nd3 g5 14. Bd2 Nf6 15. Be1 g4 16. Bh4 Qd7 17. Bxf6 Rxf6 18. fxg4 Qxg4 19. Qxg4 Bxg4 20. Ne1 a6 21. b4 Kf7 22. Nf3 Rg8 23. h3 Rh6 24. Kg1 Bh5 25. Rab1 Bf6 26. Rb2 Rhg6 27. Kh1 Rg3 28. b5 Bxf3 29. Rxf3 Rxf3 30. gxf3 Rg3 31. Rf2 Bh4 32. Kh2 Rxh3+ 33. Kxh3 Bxf2 34. a3 h5 35. Na2 Be1 36. Nb4 a5 37. Nd3 Bg3 38. c5 Ke7 39. c6 bxc6 40. bxc6 Kd8 41. a4 1/2-1/2

[Event "SVK-chT3D 0001"]
[Site "Slovakia"]
[Date "2001.??.??"]
[Round "4"]
[White "Pejko, Otomar"]
[Black "Rybansky, Alexander"]
[Result "1-0"]
[WhiteElo "2161"]
[BlackElo "2129"]
[PlyCount "79"]
[EventDate "2000.??.??"]
[EventType "team-tourn"]
[EventRounds "9"]
[EventCountry "SVK"]
[SourceTitle "EXT 2002"]
[Source "ChessBase"]
[SourceDate "2001.11.25"]
[SourceVersion "1"]
[SourceVersionDate "2001.11.25"]
[SourceQuality "1"]

1. e4 e6 2. d4 d5 3. e5 c5 4. c3 Nc6 5. Nf3 Qb6 6. a3 Bd7 7. b4 cxd4 8. cxd4 f6 9. exf6 Nxf6 10. Bd3 Bd6 11. 0-0 0-0 12. Bb2 Qc7 13. Qe2 Rae8 14. Ne5 a6 15. Nd2 Bc8 16. Rac1 Qb6 17. Nb3 Re7 18. f4 Bxe5 19. fxe5 Nd7 20. Qh5 h6 21. Rxf8+ Nxf8 22. Rf1 Bd7 23. Qf3 Nh7 24. Nc5 Be8 25. Qg4 Nd8 26. Bc1 Nf7 27. h4 Bb5 28. Bxb5 axb5 29. Rf3 Qc6 30. Rg3 g5 31. Qh5 b6 32. hxg5 Nhxg5 33. Bxg5 hxg5 34. Qg6+ Kf8 35. Nd3 Qc3 36. Rg4 Qd2 37. Kh2 Qe3 38. Rg3 Qxd4 39. Rf3 Qe4 40. Qxg5 1-0